000 00644nam a22002175i 4500
001 178522
003 ES-MaACL
005 20250804062800.0
008 110606s1977 sp |||| | spa d
020 _a84-7103-135-3
080 _a1(075.3)
100 1 _aAróstegui, Antonio.
_923166
245 1 0 _aCurso de concienciación filosófica para estudiantes de BUP /
_cAntonio Aróstegui.
260 _aMadrid :
_bMarsiega,
_cD. L. 1977.
300 _a462 p. :
_bil. bl. y n. ;
_c21 cm.
500 _aÍndices.
504 _aBibliografía.
650 0 7 _aFilosofía
_2embne
_912802
852 _aES-MaACL
_jE-15275
999 _c178522
_d178522